000 00361nam a2200145Ia 4500
008 230312s9999||||xx |||||||||||||| ||und||
020 _a81-317-5837-3
082 _a621.382
_bGHO-C
100 _aGhosh;Smarajit
245 0 _aControl Systems
260 _bPearson
_aIndia
_c2012
300 _a1017
650 _aEngineering
_vElectrical Engineering
942 _cBK
999 _c10625
_d10625